Oasis Products 2023 - Statistics

General Stats
  • This quiz has been taken 2 times
  • The average score is 2 of 5
Answer Stats
Oasis Product % Correct
Oasis Summer Fruits
100%
Oasis Citrus Punch
50%
Oasis Citrus Punch Zero
0%
Oasis Exotic Fruits Zero
0%
Oasis Summer Fruits Zero
0%
No matching quizzes found
Score Distribution
Percent of People with Each Score
Percentile by Number Answered
Your Score History
You have not taken this quiz